Olivia Rodrigo - Devine la chanson sans indices #6 - Statistiques

Statistiques générales
  • Ce quiz a été pris 102 fois
  • Le résultat moyen est 179 sur 337
Statistiques - réponses
Paroles % Correct
I
99%
a
95%
Oh,
91%
Ooh,
91%
ooh
91%
You
91%
you
91%
the
81%
The
81%
go
78%
me
78%
to
70%
No,
68%
on
66%
do
65%
all
64%
it
64%
your
64%
In
62%
in
62%
my
61%
My
61%
can't
59%
can't,
59%
now
59%
and
58%
And
58%
But
58%
catch
58%
I'm
57%
Be
55%
every
55%
are
54%
of
50%
see
50%
that
49%
was
49%
there,
47%
'cause
46%
face
46%
think
46%
You'll
46%
like
45%
place
45%
trees,
43%
It's
42%
Don't
41%
I'd
41%
ground
39%
here,
39%
Yeah,
39%
got
38%
everywhere
36%
footsteps
36%
gone
36%
never
36%
this
36%
breeze
34%
mountain
34%
side
34%
us
34%
around
32%
feel
32%
left
32%
over
32%
will
32%
you'd
32%
with
31%
There's
30%
would
30%
blood
28%
into
28%
storm
28%
thought
28%
Thought
28%
away
27%
down
27%
end
27%
months
27%
pass
27%
still
27%
Through
27%
comin'
26%
head
26%
made
24%
new
24%
town
24%
way
24%
Bet
23%
bet
23%
forget
23%
higher
23%
than
23%
brought
22%
city
22%
dancin'
22%
easy
22%
red
22%
Shadows
22%
fallin'
20%
grass,
20%
shade
20%
snow
20%
somethin'
20%
wash
20%
expect
19%
hopes
19%
taste
19%
wall
19%
winter
19%
bitter
18%
fury
18%
burn
16%
messes
16%
sometimes
16%
fire
15%
hall
15%
it'd
15%
room
15%
figured
14%
turning
14%
writing
14%
founded
12%
wading
9%
Aucun quiz correspondant
Distribution des résultats
% des personnes avec chaque résultat
Percentile par nombre de réponses
Votre historique - résultats
Vous n’avez pas pris ce quiz